000 00551nam a2200181Ia 4500
003 GCL
008 140319s9999 xx 000 0 ara d
040 _aGCL /
_cGCL
082 0 4 _a412
_bم ف
100 1 _aمحمد عبدالرحمن صالح
245 1 0 _aالفروق اللغوية واثرها فى تفسير القران الكريم /
_cمحمد عبدالرحمن صالح
300 _a385 ص
490 _a100 قصة
_v0
650 0 4 _aالالفاظ
650 0 4 _aاللغة العربية
650 0 4 _aالقران
942 _2ddc
_cBK
999 _c43879
_d43879